[Event "World ol U16"]
[Site "Konya"]
[Date "2018.11.27"]
[Round "4.23"]
[White "Coicev, Matei Andrei"]
[Black "Bugdayci, Yuksel"]
[Result "1/2-1/2"]
[WhiteElo "1489"]
[BlackElo "1299"]
[PlyCount "106"]
[EventDate "2018.11.25"]
[EventType "team-swiss"]
[EventRounds "9"]
[EventCountry "TUR"]
[SourceTitle "CBM 187 Extra"]
[Source "ChessBase"]
[SourceDate "2018.11.04"]
[SourceVersion "1"]
[SourceVersionDate "2018.11.04"]
[SourceQuality "1"]
[WhiteTeam "Romania"]
[BlackTeam "Turkey Selcuklu"]
[WhiteTeamCountry "ROU"]
[BlackTeamCountry "TUR"]

1. e4 c5 2. d4 cxd4 3. c3 dxc3 4. Nxc3 Nc6 5. Nf3 d6 6. Bc4 Nf6 7. e5 dxe5 8. Qxd8+ Nxd8 9. Nb5 Be6 10. Nc7+ Kd7 11. Nxa8 Bxc4 12. Nxe5+ Kc8 13. Nxc4 Kb8 14. Nab6 axb6 15. Nxb6 Kc7 16. Nc4 Nd5 17. Ne3 Nxe3 18. Bxe3 Nc6 19. Rc1 e5 20. Ke2 Bd6 21. Rhd1 Ra8 22. a3 f5 23. Bc5 Bxc5 24. Rxc5 Kb6 25. Rcd5 Nd4+ 26. R1xd4 exd4 27. Rxf5 Rc8 28. Kd2 Rc7 29. Rd5 Rf7 30. f3 Kc6 31. Rxd4 Rf5 32. Rc4+ Kb6 33. Ke3 Rb5 34. Rb4 Rxb4 35. axb4 Kb5 36. Kd3 Kxb4 37. Kc2 Kc4 38. b3+ Kd4 39. Kd2 g5 40. g3 h6 41. Ke2 b5 42. Kd2 b4 43. h3 h5 44. h4 gxh4 45. gxh4 Ke5 46. Ke3 Kf5 47. Kf2 Kf4 48. Kg2 Ke5 49. Kf2 Kf4 50. Kg2 Ke5 51. Kg3 Kf5 52. Kh2 Kf4 53. Kg2 Ke5 1/2-1/2

[Event "TUR-chT2"]
[Site "Konya"]
[Date "2018.07.14"]
[Round "7.17"]
[White "Genc, Ugur Can"]
[Black "Bugdayci, Yuksel"]
[Result "1-0"]
[WhiteElo "1415"]
[BlackElo "1313"]
[PlyCount "95"]
[EventDate "2018.07.10"]
[EventType "team-swiss"]
[EventRounds "9"]
[EventCountry "TUR"]
[SourceTitle "EXT 2019"]
[Source "ChessBase"]
[SourceDate "2018.10.10"]
[SourceVersion "1"]
[SourceVersionDate "2018.10.10"]
[SourceQuality "1"]
[WhiteTeam "Elazig Genclik"]
[BlackTeam "Konya Selcuklu Belediyesi"]
[WhiteTeamCountry "TUR"]
[BlackTeamCountry "TUR"]

1. e4 c6 2. d4 d5 3. Nc3 dxe4 4. Nxe4 Bf5 5. Ng3 Bg6 6. h4 h6 7. N1e2 Nf6 8. Nf4 Bh7 9. Bc4 e6 10. Qe2 Nd5 11. Ngh5 Bd6 12. Nxg7+ Kf8 13. Nfxe6+ fxe6 14. Nxe6+ Ke7 15. Nxd8+ Kxd8 16. Bxd5 cxd5 17. Bxh6 Re8 18. Be3 Nc6 19. c3 Kc7 20. Kd2 Be4 21. f3 Bh7 22. Qf2 Rg8 23. Bg5 Nd8 24. g3 Ne6 25. Rae1 Nxg5 26. hxg5 Bf5 27. f4 Be4 28. Rh6 Raf8 29. Qh2 Be7 30. Re6 Kd8 31. R1xe4 dxe4 32. Qh7 Bxg5 33. fxg5 Rf2+ 34. Ke3 Rf3+ 35. Kxe4 Rgf8 36. Qe7+ Kc8 37. Qxf8+ Rxf8 38. Rf6 Rxf6 39. gxf6 Kd7 40. g4 Ke6 41. g5 b5 42. b4 a6 43. a3 Kf7 44. Kf5 Ke8 45. g6 Kf8 46. Ke6 a5 47. f7 axb4 48. Kf6 1-0